[Event "Ruhrgebiet Verbandsklasse Gruppe 3 1415"]
[Site "Germany"]
[Date "2015.04.26"]
[Round "9.5"]
[White "Dekhtyaryuk, Dimitri"]
[Black "Fischoeder, Heiko"]
[Result "1/2-1/2"]
[WhiteElo "1870"]
[BlackElo "1983"]
[PlyCount "84"]
[EventDate "2014.09.21"]
[EventType "team-tourn"]
[EventRounds "9"]
[EventCountry "GER"]
[SourceTitle "EXT 2022"]
[Source "ChessBase"]
[SourceDate "2021.10.06"]
[SourceVersion "1"]
[SourceVersionDate "2021.10.06"]
[SourceQuality "1"]
[WhiteTeam "Eichlinghofen SV"]
[BlackTeam "Wanne-Eickel SV Unser Fritz"]
[WhiteTeamCountry "GER"]
[BlackTeamCountry "GER"]

1. c4 e5 2. Nc3 Nc6 3. Nf3 Nf6 4. g3 d5 5. cxd5 Nxd5 6. Bg2 Nb6 7. 0-0 Be7 8. b3 0-0 9. Bb2 f5 10. Nb5 a6 11. Na3 Bf6 12. Nc4 Nxc4 13. bxc4 e4 14. Bxf6 Qxf6 15. Ne1 Be6 16. d3 Rad8 17. Rb1 Bc8 18. Qb3 Nd4 19. Qb2 exd3 20. Nxd3 c6 21. Nc5 b6 22. Qxb6 Nxe2+ 23. Kh1 Nc3 24. Ra1 Ne4 25. Nxe4 fxe4 26. Bxe4 Bh3 27. Bg2 Bxg2+ 28. Kxg2 Rd2 29. a4 Rc2 30. Rac1 Ra2 31. a5 Qf3+ 32. Kg1 h5 33. h4 Rf5 34. Qb8+ Kh7 35. Qb6 Rfxa5 36. Qd4 Rf5 37. Rce1 c5 38. Qe3 Qxe3 39. fxe3 Rxf1+ 40. Rxf1 Kg6 41. Rf8 a5 42. Rc8 a4 1/2-1/2

[Event "NRW Verbandsklasse Group1 1314"]
[Site "Nordrheinwestfalen"]
[Date "2013.12.15"]
[Round "5"]
[White "Fischoeder, Heiko"]
[Black "Czarnik, Jozef"]
[Result "1-0"]
[WhiteElo "1978"]
[BlackElo "1878"]
[PlyCount "69"]
[EventDate "2013.09.08"]
[EventType "team-tourn"]
[EventRounds "9"]
[EventCountry "GER"]
[SourceTitle "EXT 2020"]
[Source "ChessBase"]
[SourceDate "2019.10.17"]
[SourceVersion "1"]
[SourceVersionDate "2019.10.17"]
[SourceQuality "1"]
[WhiteTeam "Unser Fritz"]
[BlackTeam "Koenigsspringer Haltern"]
[WhiteTeamCountry "GER"]
[BlackTeamCountry "GER"]

1. d4 c5 2. d5 Nf6 3. c4 d6 4. Nc3 g6 5. Bg5 Bg7 6. e4 0-0 7. Qd2 Qb6 8. Bd3 Nbd7 9. f4 Re8 10. Nf3 e6 11. 0-0 exd5 12. exd5 Nf8 13. f5 gxf5 14. Nh4 Ne4 15. Bxe4 fxe4 16. Qf4 f5 17. Nxf5 Bxf5 18. Qxf5 Bd4+ 19. Kh1 Qc7 20. Nxe4 Re5 21. Qf3 Ng6 22. Bh6 Re7 23. Ng5 Bxb2 24. Rab1 Be5 25. Ne6 Qd7 26. h4 Rxe6 27. dxe6 Qxe6 28. h5 Qxc4 29. hxg6 hxg6 30. Rxb7 Qh4+ 31. Qh3 Qc4 32. Rbf7 Re8 33. Rf8+ Rxf8 34. Rxf8+ Kh7 35. Bg5+ 1-0

[Event "Berlin Lichtenberger op 11th"]
[Site "Berlin"]
[Date "2012.08.24"]
[Round "7"]
[White "Sieglen, Joachim"]
[Black "Fischoeder, Heiko"]
[Result "1-0"]
[WhiteElo "2281"]
[BlackElo "1970"]
[PlyCount "82"]
[EventDate "2012.08.18"]
[EventType "swiss"]
[EventRounds "9"]
[EventCountry "GER"]
[SourceTitle "CBM 150 Extra"]
[Source "ChessBase"]
[SourceDate "2012.10.19"]
[SourceVersion "1"]
[SourceVersionDate "2012.10.19"]
[SourceQuality "1"]

1. d4 Nf6 2. c4 e6 3. g3 d5 4. Bg2 dxc4 5. Nf3 a6 6. 0-0 Nc6 7. Nc3 Rb8 8. e4 Be7 9. d5 exd5 10. exd5 Nb4 11. Ne5 Bf5 12. a3 Nd3 13. Nxc4 0-0 14. h3 h6 15. Be3 Re8 16. b4 Bd6 17. Bd4 Be5 18. Nxe5 Nxe5 19. g4 Nfxg4 20. hxg4 Bxg4 21. f3 Bh5 22. Qd2 Qh4 23. Bxe5 Rxe5 24. f4 Rf5 25. Rae1 Bg4 26. Qf2 Qd8 27. Re5 Rf6 28. Qh4 Bf5 29. Rfe1 c6 30. Qf2 Qd6 31. dxc6 bxc6 32. Qe3 a5 33. Rxa5 Qd7 34. Rd1 Qc8 35. Kh2 Rb7 36. Re5 Qc7 37. Ne2 g5 38. Re8+ Kg7 39. Bf3 Re6 40. Rxe6 Bxe6 41. Qc3+ Kg8 1-0

[Event "Berlin Lichtenberger op 11th"]
[Site "Berlin"]
[Date "2012.08.20"]
[Round "3"]
[White "Kohler, Thomas"]
[Black "Fischoeder, Heiko"]
[Result "1-0"]
[WhiteElo "2249"]
[BlackElo "1970"]
[PlyCount "31"]
[EventDate "2012.08.18"]
[EventType "swiss"]
[EventRounds "9"]
[EventCountry "GER"]
[SourceTitle "CBM 150 Extra"]
[Source "ChessBase"]
[SourceDate "2012.10.19"]
[SourceVersion "1"]
[SourceVersionDate "2012.10.19"]
[SourceQuality "1"]

1. c4 e5 2. g3 Nc6 3. Nc3 f5 4. Bg2 Nf6 5. e3 d5 6. cxd5 Nb4 7. d3 Nfxd5 8. Nxd5 Nxd5 9. Nf3 Bb4+ 10. Bd2 Bxd2+ 11. Qxd2 Qd6 12. 0-0 0-0 13. e4 Nf6 14. Qc3 fxe4 15. dxe4 Nxe4 16. Qc4+ 1-0

[Event "Recklinghaeuser op"]
[Site "Recklinghausen"]
[Date "2011.08.17"]
[Round "3"]
[White "Lange, Werner"]
[Black "Fischoeder, Heiko"]
[Result "0-1"]
[WhiteElo "1921"]
[BlackElo "1989"]
[PlyCount "58"]
[EventDate "2011.08.15"]
[EventType "swiss"]
[EventRounds "7"]
[EventCountry "GER"]
[SourceTitle "CBM 144 Extra"]
[Source "ChessBase"]
[SourceDate "2011.10.28"]
[SourceVersion "1"]
[SourceVersionDate "2011.10.28"]
[SourceQuality "1"]

1. d4 Nf6 2. Bf4 b6 3. e3 Bb7 4. Nf3 e6 5. Bd3 Be7 6. h3 0-0 7. Nbd2 c5 8. c3 d5 9. Rc1 Ne4 10. 0-0 Nd7 11. Ne5 f6 12. Nxd7 Qxd7 13. f3 Nxd2 14. Qxd2 Bd6 15. Bh2 c4 16. Bb1 f5 17. f4 b5 18. a3 a5 19. Qe2 Bc6 20. g4 g6 21. Rf3 Be7 22. gxf5 exf5 23. Qf2 b4 24. axb4 axb4 25. Bg3 bxc3 26. bxc3 Ra1 27. Qe1 Ba3 28. Rf1 Bxc1 29. Qxc1 Rb8 0-1

[Event "Dortmund Sparkassen op-A"]
[Site "Dortmund"]
[Date "2011.07.24"]
[Round "2"]
[White "Niediek, Cedric"]
[Black "Fischoeder, Heiko"]
[Result "0-1"]
[WhiteElo "1820"]
[BlackElo "1989"]
[PlyCount "82"]
[EventDate "2011.07.23"]
[EventType "swiss"]
[EventRounds "9"]
[EventCountry "GER"]
[SourceTitle "CBM 143 Extra"]
[Source "ChessBase"]
[SourceDate "2011.08.29"]
[SourceVersion "1"]
[SourceVersionDate "2011.08.29"]
[SourceQuality "1"]

1. e4 c5 2. Nf3 e6 3. d3 Nc6 4. g3 g6 5. Bg2 Bg7 6. 0-0 Rb8 7. c3 Nge7 8. Re1 0-0 9. Nbd2 b6 10. h4 d6 11. h5 b5 12. hxg6 fxg6 13. Nf1 Qb6 14. Be3 b4 15. d4 bxc3 16. bxc3 cxd4 17. cxd4 d5 18. exd5 Nxd5 19. Rb1 Nxe3 20. fxe3 Qc7 21. Rxb8 Qxb8 22. Qc2 Qd6 23. Ng5 Ne7 24. Qb3 Nf5 25. d5 e5 26. Ne4 Qd8 27. d6+ Kh8 28. Rd1 Bh6 29. Qb5 Nxe3 30. Rd3 Nxf1 31. Bxf1 Bf5 32. Qxe5+ Bg7 33. Qd5 Qb6+ 34. Kh2 Bxe4 35. Qxe4 Rxf1 36. Qe8+ Rf8 37. d7 Qf2+ 38. Kh3 Qf1+ 39. Kh2 Qxd3 40. d8Q Qxd8 41. Qxf8+ Qxf8 0-1

[Event "Herne-ch 14th"]
[Site "Herne"]
[Date "2011.02.22"]
[Round "3"]
[White "Trzaska, Peter"]
[Black "Fischoeder, Heiko"]
[Result "1/2-1/2"]
[WhiteElo "2126"]
[BlackElo "1989"]
[PlyCount "96"]
[EventDate "2011.02.07"]
[EventType "swiss"]
[EventRounds "7"]
[EventCountry "GER"]
[SourceTitle "EXT 2014"]
[Source "ChessBase"]
[SourceDate "2013.11.20"]
[SourceVersion "1"]
[SourceVersionDate "2013.11.20"]
[SourceQuality "1"]

1. c4 e5 2. Nf3 Nc6 3. Nc3 Nf6 4. g3 d5 5. cxd5 Nxd5 6. Bg2 Nb6 7. 0-0 Be7 8. d3 0-0 9. Be3 Re8 10. Ne4 Nd5 11. Bc5 Bxc5 12. Nxc5 Rb8 13. Qa4 Nb6 14. Qc2 Qe7 15. Rac1 Rd8 16. Rfd1 Bd7 17. Nxd7 Qxd7 18. d4 Nxd4 19. Nxd4 exd4 20. Qxc7 Qe6 21. Qf4 Qxe2 22. Rd2 Qe6 23. b3 Qd6 24. Rcd1 Qxf4 25. gxf4 Kf8 26. Rxd4 Rxd4 27. Rxd4 Ke7 28. Rb4 Kd6 29. f5 Ke5 30. a4 Nd7 31. f4+ Kd6 32. Rd4+ Ke7 33. b4 b6 34. Rc4 Kd6 35. Rc6+ Ke7 36. Rc7 a5 37. f6+ gxf6 38. Bh3 Rd8 39. b5 Ke8 40. Rb7 Nc5 41. Rxb6 Ke7 42. Rc6 Nxa4 43. Rc7+ Kf8 44. Bd7 Nb6 45. Bc6 Rd4 46. Rb7 Nc4 47. Ra7 Rxf4 48. Kg2 Rf5 1/2-1/2

[Event "Dortmund Sparkassen op"]
[Site "Dortmund"]
[Date "2008.07.03"]
[Round "6"]
[White "Fischoeder, Heiko"]
[Black "Zeldin, Leonid"]
[Result "1/2-1/2"]
[WhiteElo "1964"]
[BlackElo "2068"]
[PlyCount "61"]
[EventDate "2008.06.30"]
[EventType "swiss"]
[EventRounds "9"]
[EventCountry "GER"]
[SourceTitle "CBM 125 Extra"]
[Source "ChessBase"]
[SourceDate "2008.09.01"]
[SourceVersion "1"]
[SourceVersionDate "2008.09.01"]
[SourceQuality "1"]

1. e4 c5 2. Nf3 d6 3. d4 cxd4 4. Nxd4 Nf6 5. Nc3 a6 6. Bg5 e5 7. Bxf6 Qxf6 8. Nd5 Qd8 9. Nf5 Bxf5 10. exf5 Nd7 11. Bc4 Be7 12. Qf3 Nb6 13. Bb3 0-0 14. 0-0 Rc8 15. c3 Rc5 16. Rad1 Nxd5 17. Rxd5 Qc7 18. Rfd1 b5 19. f6 Rxd5 20. Qxd5 Bxf6 21. Qxd6 Qa7 22. Qd7 Qb8 23. g3 b4 24. Qf5 Qb6 25. Rd7 bxc3 26. bxc3 Qc6 27. Qd3 e4 28. Qd5 Qxd5 29. Bxd5 Bxc3 30. Bxe4 f5 31. Bd5+ 1/2-1/2

[Event "GER OL-239 email"]
[Site "GER email"]
[Date "2008.04.25"]
[Round "?"]
[White "Fischoeder, Heiko"]
[Black "Buerkelbach, Josef"]
[Result "1-0"]
[WhiteElo "1640"]
[BlackElo "1640"]
[PlyCount "41"]
[EventDate "2008.??.??"]
[EventType "tourn (corr)"]
[EventRounds "6"]
[EventCountry "GER"]
[SourceTitle "Corr 2011"]
[Source "ChessBase"]
[SourceDate "2010.08.31"]
[SourceVersion "1"]
[SourceVersionDate "2010.08.31"]
[SourceQuality "1"]

1. e4 d6 2. d4 g6 3. Nc3 Bg7 4. Be3 Nf6 5. Qd2 c6 6. Bh6 Bxh6 7. Qxh6 Qa5 8. Bd3 c5 9. Nge2 cxd4 10. Nxd4 Nc6 11. Nb3 Qb6 12. Nd5 Nxd5 13. exd5 Ne5 14. 0-0 Nxd3 15. cxd3 Bf5 16. Rac1 a5 17. Rfe1 a4 18. Qg7 Rf8 19. Nd4 Qxb2 20. Rxe7+ Kxe7 21. Nxf5+ 1-0

[Event "Dortmund op-A"]
[Site "Dortmund"]
[Date "2007.06.29"]
[Round "7"]
[White "Dyballa, Gerhard"]
[Black "Fischoeder, Heiko"]
[Result "0-1"]
[WhiteElo "2046"]
[BlackElo "1912"]
[PlyCount "68"]
[EventDate "2007.06.22"]
[EventType "swiss"]
[EventRounds "9"]
[EventCountry "GER"]
[SourceTitle "EXT 2008"]
[Source "ChessBase"]
[SourceDate "2007.11.25"]
[SourceVersion "1"]
[SourceVersionDate "2007.11.25"]
[SourceQuality "1"]

1. c4 Nf6 2. Nc3 g6 3. e4 d6 4. d4 Bg7 5. Nf3 0-0 6. Be2 e5 7. d5 a5 8. Bg5 h6 9. Bh4 Qe8 10. Bxf6 Bxf6 11. Nb5 Qe7 12. 0-0 Bg7 13. Ne1 f5 14. f3 Na6 15. Nd3 Qg5 16. Qc1 Qe7 17. Qd2 c6 18. Nc3 c5 19. a3 Bd7 20. b3 b6 21. Rfb1 Bf6 22. Qxh6 Bg7 23. Qxg6 f4 24. g3 Rf6 25. Qg5 Kf7 26. Nf2 Rh8 27. Ng4 Qf8 28. Nxe5+ dxe5 29. Qxe5 Rf5 30. Qe6+ Bxe6 31. dxe6+ Ke7 32. exf5 Bxc3 33. Ra2 Bd4+ 34. Kg2 Qxf5 0-1

[Event "Dortmund op-A"]
[Site "Dortmund"]
[Date "2007.06.24"]
[Round "3"]
[White "Fischoeder, Heiko"]
[Black "Langers, Alexander"]
[Result "0-1"]
[WhiteElo "1912"]
[BlackElo "2115"]
[PlyCount "58"]
[EventDate "2007.06.22"]
[EventType "swiss"]
[EventRounds "9"]
[EventCountry "GER"]
[SourceTitle "EXT 2008"]
[Source "ChessBase"]
[SourceDate "2007.11.25"]
[SourceVersion "1"]
[SourceVersionDate "2007.11.25"]
[SourceQuality "1"]

1. e4 c5 2. Nf3 e6 3. d4 cxd4 4. Nxd4 Nc6 5. Nc3 a6 6. Be2 Qc7 7. 0-0 Nf6 8. Be3 Bb4 9. Nxc6 bxc6 10. Bd3 Bd6 11. f4 e5 12. f5 h5 13. Kh1 Ng4 14. Bg1 Rb8 15. Na4 Be7 16. c4 d6 17. Qe2 c5 18. Nc3 Nf6 19. Be3 Bb7 20. Bg5 Bc6 21. Rab1 h4 22. Rfd1 Rb6 23. Qd2 Qb7 24. Nd5 Bxd5 25. cxd5 Rb4 26. Bxf6 Bxf6 27. b3 Ke7 28. Bc4 Rb8 29. Rf1 Rxc4 0-1